Capitales mondiales les plus proches de Oulan-Bator - Statistiques

Statistiques générales
  • Ce quiz a été pris 89 fois
  • Le résultat moyen est 15 sur 20
Statistiques - réponses
km capitale % Correct
1172 Pékin
100%
1996 Séoul
96%
1806 Pyongyang
94%
3332 New Delhi
88%
3011 Tokyo
88%
2924 Katmandou
81%
2563 Astana
79%
3853 Bangkok
79%
2996 Hanoï
79%
2849 Taipei
78%
3359 Vientiane
75%
3223 Islamabad
71%
3450 Kaboul
69%
2563 Bichkek
65%
3056 Dacca
65%
3930 Manille
65%
3044 Tachkent
65%
2726 Thimphou
59%
3229 Douchanbé
58%
3285 Naypyidaw
40%
Aucun quiz correspondant
Distribution des résultats
% des personnes avec chaque résultat
Percentile par nombre de réponses
Votre historique - résultats
Vous n’avez pas pris ce quiz